|
|
|
|
| LEADER |
00000nab a2200000 a 4500 |
| 001 |
vtls000252900 |
| 003 |
SK-MaSNL |
| 005 |
20260304172410.0 |
| 008 |
250526c1986 xo 0 slo |
| 015 |
|
|
|a SNBRB19rr/mm-uuuuu
|
| 035 |
|
|
|a CL0263014
|
| 035 |
|
|
|a urn:nbn:sk:snk-ab2cqq
|
| 035 |
|
|
|a (urnnbn)urn:nbn:sk:snk:ar-a025lg
|
| 035 |
|
|
|a (uuid)8112aa7d-9e4e-4d56-934c-063a131a95f5
|
| 040 |
|
|
|a SNKBUCL
|b slo
|c SNKBUCL
|e AACR2
|
| 041 |
0 |
|
|a slo
|
| 044 |
|
|
|a xo
|c SK
|
| 080 |
|
|
|a 630 38
|2 1981
|
| 080 |
|
|
|a 624.131
|2 1981
|
| 080 |
|
|
|a 625.711.84
|2 1981
|
| 100 |
1 |
|
|a Čigarský, Stanislav
|4 aut
|9 787782
|
| 245 |
1 |
0 |
|a Skúšky zhutnenia pri výstavbe lesných ciest
|c Stanislav Čigarský, Ján Stachera
|
| 300 |
|
|
|b Obr. 2.
|
| 650 |
0 |
7 |
|a lesné cesty
|2 snkbucl
|9 85151
|
| 650 |
0 |
7 |
|a zeminy
|2 snkbucl
|9 279666
|
| 655 |
|
7 |
|a články z novín a časopisov
|2 snkbucl
|9 267496
|
| 700 |
1 |
|
|a Stachera, Ján
|4 aut
|9 8752
|
| 773 |
0 |
|
|t Les
|g Roč. 42, č. 8 (1986), s. 352-353
|
| 850 |
|
|
|a Slovenská národná knižnica
|
| 852 |
|
|
|a Slovenská národná knižnica
|
| 954 |
|
|
|a odborná, vedecká literatúra pôvodná (slovenská)
|2 lita
|
| 958 |
|
|
|a ONDV
|
| 958 |
|
|
|a article2022
|
| 958 |
|
|
|a RK
|
| 992 |
|
|
|a RBX
|
| 999 |
|
|
|c 2998218
|d 3000148
|